| 000 | 00417nam a22001217a 4500 | ||
|---|---|---|---|
| 082 | _a200 -THE | ||
| 100 |
_aMUHAMMAD JAWAD _969672 |
||
| 245 | _aTH-SOF-1505-Radar Hop Frequency Detection for Electronic Support Measurement using Agile Band pass Sampling | ||
| 260 |
_aIslamabad _bNUST College of EME _c2018 |
||
| 650 |
_aMS-ELECT-83 MSTHESIS _969673 |
||
| 700 |
_aSupervisor DR. MUHAMMAD ZEESHAN _969674 |
||
| 942 | _cCF | ||
| 999 |
_c576857 _d576857 |
||